000 00684nam a22002055a 4500
005 20180320151429.0
008 180320s1965 enka fr 000 0 eng d
040 _aEG-ScBUE
_beng
_cEG-ScBUE
_dEG-ScBUE
043 _ae-uk---
082 0 4 _222
_a330.94276
_bNOR
110 1 _aGreat Britain.
_bDepartment of Economic Affairs
_941820
245 1 4 _aThe North West :
_ba regional study /
_cDepartment of Economic Faairs.
260 _aLondon :
_bHer Majesty's Stationery Office,
_c1965.
300 _axii, 174 p. :
_bill. ;
_c24 cm.
490 0 _aA regional study
650 7 _2BUEsh
_aRegional planning
_zGreat Britain.
_933411
651 _2BUEsh
653 _bGGEN
_cMarch2018
942 _2ddc
999 _c26371
_d26343